European security architecture and the conflict in Ukraine

Analýza bezpečnostnej štruktúry v Európe po páde železnej opony. Aktuálna situácia vo vzťahoch EÚ - Rusko, NATO - Rusko a ukrajinská kríza. Význam medzinárodných dohôd, organizácií, Budapeštianskeho memoranda a vojenskej spolupráce.

Salvato in:
Dettagli Bibliografici
Autore principale: Goda, Samuel
Natura: Capitolo di libro
Lingua:inglese
Soggetti:
Tags: Aggiungi Tag
Nessun Tag, puoi essere il primo ad aggiungerne!!

MARC

LEADER 00000naa$a2200000$$$4500
001 0210068
005 20240502073510.0
041 0 |a eng 
044 |a SK 
245 1 0 |a European security architecture and the conflict in Ukraine  |c Samuel Goda 
520 |a Analýza bezpečnostnej štruktúry v Európe po páde železnej opony. Aktuálna situácia vo vzťahoch EÚ - Rusko, NATO - Rusko a ukrajinská kríza. Význam medzinárodných dohôd, organizácií, Budapeštianskeho memoranda a vojenskej spolupráce. 
610 2 0 |a vzťahy medzinárodné 
610 2 0 |a konflikty medzinárodné 
610 2 0 |a konflikt záujmov 
610 2 0 |a Ukrajina 
100 1 |a Goda, Samuel